Korean voice actors & actresses (Tooniverse) - Statistics

General Stats
  • This quiz has been taken 5 times
  • The average score is 65 of 96
Answer Stats
cardinal number Answer % Correct
11th member Chae Rim (Kim Chae-rim)
80%
2nd member Choi Jae-ho
80%
1st member Choi Jae-ik
80%
6th member Choi Ji-hoon
80%
1st member Choi Joon-yeong
80%
6th member Choi Seung-hoon
80%
11th member Hwang Dong-hyeon
80%
9th member Jung Yoo-jung
80%
7th member Kang Ho-chul
80%
10th member Kang Sae-bom
80%
10th member Kang Seong-woo
80%
6th member Kim Bo-yeong
80%
8th member KIm Chae-ha
80%
10th member Kim Da-ol
80%
10th member Kim Do-hee
80%
11th member Kim Dong-hyun
80%
9th member Kim Ga-ryung
80%
7th member Kim Gook-jin
80%
6th member Kim Hyeon-ji
80%
6th member Kim Hyeon-sim
80%
3rd member Kim Hyo-seon
80%
3rd member Kim Jang
80%
4th member Kim Jeong-eun
80%
9th member Kim Ji-yool
80%
8th member Kim Jung-hoon
80%
2nd member Kim Ki-Cheol
80%
5th member Kim Ki-heung
80%
4th member Kim Kwang-kuk
80%
8th member Kim Myung-joon
80%
1st member Kim Na-yeon
80%
7th member Kim Sae-hae
80%
2nd member Kim Seon-hee
80%
4th member Kim Seon-hye
80%
9th member Kim Shin-woo
80%
6th member Kim Yeong-chan
80%
7th member Kim Yeong-eun
80%
7th member Kim Yool
80%
11th member Kim Yoon-ki
80%
2nd member Lee Byeong-wook
80%
11th member Lee Dal-rae
80%
1st member Lee Dong-eun
80%
5th member Lee Hee-soo
80%
6th member Lee Ho-san
80%
1st member Lee Hyeon-jin
80%
3rd member Lee Ja-myeong
80%
1st member Lee Ji-yeong
80%
2nd member Lee Joo-chang
80%
1st member Lee Kye-yoon
80%
9th member Lee Sae-byeok
80%
10th member Lee Sang-ho
80%
6th member Lee So-eun
80%
11th member Lee Woo-ri
80%
5th member Lee Yong-shin
80%
2nd member Park Kyeong-hye
80%
4th member Park Man-yeong
80%
7th member Park Ri-na
80%
6th member Park Seong-tae
80%
2nd member Park Seon-yeong
80%
10th member Park Si-yoon
80%
11th member Park Yi-seo
80%
3rd member Seo Yoon-seon
80%
7th member So Jeong-hwan
80%
3rd member Son Jong-hwan
80%
9th member Son Soo-ho
80%
5th member Hong Bum-ki
60%
10th member Hong Seung-hyo
60%
3rd member Jeon Hye-soo
60%
4th member Jeon Sook-kyung
60%
5th member Joo Ja-yeong
60%
5th member Shin Yong-woo
60%
11th member Yoo Hye-ji
60%
3rd member Yoon Yeo-jin
60%
10th member Yoo Yeong
60%
6th member Ahn Young-mi
40%
4th member Bang Seong-joon
40%
8th member Bang Yeon-ji
40%
4th member Han Chae-un
40%
8th member Han Shin
40%
4th member Han sin-jeong
40%
5th member Jeong Hye-ok
40%
7th member Jeong Hye-won
40%
4th member Jeong Myeong-joon
40%
4th member Jeong Seon-hye
40%
1st member Jeong Seung-wook
40%
5th member Jeong Yu-mi
40%
8th member Kwon Sung-hyuk
40%
8th member Lim Yeong-seon
40%
7th member Seon Ho-je
40%
4th member Si Yeong-joon
40%
1st member Yang Jeong-hwa
40%
4th member Yeo Min-jeong
40%
8th member Yeo Yoon-mi
40%
3rd member Chae Ui-jin
20%
5th member Hyeon Gyung-soo
20%
3rd member Pyo Yeong-jae
20%
2nd member Ryu Jeom-hee
20%
No matching quizzes found
Score Distribution
Percent of People with Each Score
Percentile by Number Answered
Your Score History
You have not taken this quiz